000
00271nam a22001217a 4500
041
_a
ENG
100
_a
Narayana.V.V D
245
_a
Technologies For Wasteland Development
260
_a
New Delhi
_b
ICAR
_c
1989
300
_a
403
650
_a
SWCE
856
_u
SWCE ( 06 )
999
_c
1899
_d
1899